000 01005nam a22002177a 4500
008 230201s2023 ||||| ||||o00| 0 eng d
110 _96315
_aDepartment for Levelling Up, Housing and Communities
245 _aMaking sure remediation work is done
260 _bDepartment for Levelling Up, Housing and Communities,
_c16 October 2023
520 _aThe Building Safety Act 2022 created legal protections for leaseholders from historical building safety costs. Originally published in June 2022, updated October 2023 to refer to Guidance on the use of remediation orders.
520 _aApplies to England
650 _aCLADDING
650 _aREMEDIATION
650 _aBUILDING SAFETY
650 _aFIRE SAFETY
651 _aEngland
690 _96223
_aBuilding materials & defects
690 _96222
_aBuilding control
710 _96315
_aDepartment for Levelling Up, Housing and Communities
856 _uhttps://www.gov.uk/guidance/making-sure-remediation-work-is-done
_zAvailable on .gov.uk
999 _c121678
_d121678